00602nam a22002057a 450000500170000001000150001702000260003203500140005803700090007208200110008110000240009224500590011625000060017526000410018127000880022230000190031050000260032994200220035599900190037720260206110108.0 aENG-147465 a9789367139615c250.00 aEN-130997 bDBAD a07021 aSeth, Tanima987183 aNTA CUET UG 2026:bEnglish Language Test/cTanima Seth a1 aNoidabPearson India Educationc2026 a15th Floor, Towe-B, World Trade Tower, Plot No.1, Block-C, Sector-16bNoidae201301 avpp.c23cm(pb) aPrevious Years Papers 2ddccENh070mSET c214722d214722